[Event "47th GRE-chT 2019"]
[Site "Patra"]
[Date "2019.07.03"]
[Round "2.13"]
[White "Fragkos, Vasilios"]
[Black "Souleidis, Georgios"]
[Result "0-1"]
[WhiteElo "2044"]
[BlackElo "2426"]
[Annotator "NA"]
[PlyCount "86"]
[EventDate "2019.07.02"]
[EventCountry "GRE"]
[SourceTitle "playchess.com"]
[Source "ChessBase"]
[SourceQuality "1"]
[TimeControl "5400+30"]

1. d4 {[%emt 0:00:00]} Nf6 {[%emt 0:00:00]} 2. Bg5 {[%emt 0:00:01]} e6 {[%emt 0:00:00]} 3. Nd2 {[%emt 0:01:07]} c5 {[%emt 0:00:34]} 4. e3 {[%emt 0:02:41]} d5 {[%emt 0:02:37]} 5. c3 {[%emt 0:00:40]} h6 {[%emt 0:00:23]} 6. Bh4 {[%emt 0:00:32]} Nbd7 {[%emt 0:02:07]} 7. f4 {[%emt 0:15:09]} cxd4 {[%emt 0:00:22]} 8. cxd4 {[%emt 0:00:18]} Qb6 {[%emt 0:03:09]} 9. Qb3 {[%emt 0:24:02]} Bb4 {[%emt 0:02:51]} 10. Bxf6 {[%emt 0:09:24]} Nxf6 {[%emt 0:00:29]} 11. Ngf3 {[%emt 0:03:04]} Bd7 {[%emt 0:22:27]} 12. a3 {[%emt 0:05:15]} Bxd2+ {[%emt 0:01:29]} 13. Nxd2 {[%emt 0:00:07]} Qa5 {[%emt 0:11:03]} 14. Bd3 {[%emt 0:08:55]} O-O {[%emt 0:02:23]} 15. Ke2 $11 {[%emt 0:01:23]} Bc6 {[%emt 0:08:08]} 16. Rac1 {[%emt 0:04:15]} Ne4 {[%emt 0:12:50]} 17. Nf3 {[%emt 0:10:03]} Rfc8 {[%emt 0:02:52]} 18. Qb4 {[%emt 0:03:11]} Qxb4 {[%emt 0:06:49]} 19. axb4 {[%emt 0:00:03]} Nd6 {[%emt 0:00:11]} 20. b3 {[%emt 0:05:52]} f6 {[%emt 0:00:24]} 21. Rc5 {[%emt 0:00:40]} Kf7 {[%emt 0:03:13]} 22. Rhc1 {[%emt 0:00:14]} Ke7 {[%emt 0:00:47]} 23. Ra5 {[%emt 0:01:06]} a6 {[%emt 0:03:18]} 24. Kd2 {[%emt 0:01:28]} Kd7 {[%emt 0:02:32]} 25. Raa1 {[%emt 0:00:30]} Bb5 {[%emt 0:02:44]} 26. g4 {[%emt 0:01:54]} Bxd3 {[%emt 0:03:17]} 27. Kxd3 {[%emt 0:00:03]} Ne4 {[%emt 0:01:14]} 28. Nd2 {[%emt 0:00:37]} Nd6 {[%emt 0:02:34]} 29. Nf3 {[%emt 0:00:09]} Rxc1 {[%emt 0:00:14]} 30. Rxc1 {[%emt 0:00:01]} Rc8 {[%emt 0:01:42]} 31. Rxc8 {[%emt 0:00:21]} Kxc8 {[%emt 0:00:01]} 32. g5 {[%emt 0:00:54]} Kd7 {[%emt 0:00:03]} 33. gxh6 {[%emt 0:00:42]} gxh6 {[%emt 0:00:01]} 34. Nd2 {[%emt 0:00:36]} Kc6 {[%emt 0:00:23]} 35. e4 {[%emt 0:00:38]} dxe4+ {[%emt 0:02:49]} 36. Nxe4 {[%emt 0:00:04]} Ne8 {[%emt 0:01:13]} 37. Nc3 {[%emt 0:01:04]} f5 38. Ke3 {[%emt 0:01:21]} Nf6 {[%emt 0:00:45]} 39. h3 {[%emt 0:00:33]} Nd5+ {[%emt 0:00:45]} 40. Nxd5 {[%emt 0:00:00]} exd5 {[%emt 0:00:00]} 41. Kd3 {[%emt 0:00:00]} Kb5 {[%emt 0:00:00]} 42. Kc3 {[%emt 0:00:00]} h5 {[%emt 0:00:00]} 43. h4 {[%emt 0:00:00]} b6 {[%emt 0:00:00]} 0-1

[Event "47th GRE-chT 2019"]
[Site "Patra"]
[Date "2019.07.03"]
[Round "2.14"]
[White "Ladopoulos, Dimitrios"]
[Black "Korlotsidis, Spiridon"]
[Result "1-0"]
[WhiteElo "2219"]
[BlackElo "2055"]
[Annotator "NA"]
[PlyCount "75"]
[EventDate "2019.07.02"]
[EventCountry "GRE"]
[SourceTitle "playchess.com"]
[Source "ChessBase"]
[SourceQuality "1"]
[TimeControl "5400+30"]

1. Nf3 {[%emt 0:00:00]} c5 {[%emt 0:01:24]} 2. e3 {[%emt 0:04:39]} g6 {[%emt 0:03:46]} 3. c4 {[%emt 0:05:11]} Bg7 {[%emt 0:01:49]} 4. Nc3 {[%emt 0:00:09]} Nf6 {[%emt 0:02:46]} 5. d4 {[%emt 0:06:23]} O-O {[%emt 0:00:30]} 6. Be2 {[%emt 0:01:49]} Na6 {[%emt 0:07:17]} 7. b3 {[%emt 0:05:26]} d6 {[%emt 0:08:43]} 8. O-O {[%emt 0:00:48]} Rb8 {[%emt 0:04:27]} 9. Bb2 {[%emt 0:01:57]} cxd4 {[%emt 0:06:09]} 10. Nxd4 {[%emt 0:02:45]} Nc5 {[%emt 0:03:51]} 11. Rc1 {[%emt 0:07:25]} a6 {[%emt 0:05:57]} 12. Bf3 $11 {[%emt 0:04:28]} (12. b4 $5 {[%cal Rb4c5]} Ne6 13. Nd5 $14) 12... e6 {[%emt 0:28:40]} 13. Qd2 {[%emt 0:10:55]} e5 {[%emt 0:08:41]} 14. Nc2 {[%emt 0:00:15]} Bf5 {[%emt 0:01:18]} 15. Ba1 {[%emt 0:07:26]} Bd3 {[%emt 0:04:56]} 16. Be2 {[%emt 0:14:38]} e4 {[%emt 0:03:32]} 17. Bxd3 {[%emt 0:02:08]} Nxd3 {[%emt 0:02:19]} 18. Rcd1 {[%emt 0:00:09]} b5 {[%emt 0:01:49]} 19. Nxe4 {[%emt 0:07:42]} bxc4 {[%emt 0:00:27]} 20. Bxf6 {[%emt 0:03:12]} Bxf6 {[%emt 0:00:34]} 21. bxc4 {[%emt 0:00:24]} Nb2 {[%emt 0:00:30]} 22. Qxd6 {[%emt 0:03:34]} Nxd1 {[%emt 0:00:28]} 23. Nxf6+ {[%emt 0:00:07]} Kg7 {[%emt 0:00:10]} 24. Nd7 {[%emt 0:00:26]} Nb2 {[%emt 0:01:01]} 25. Qxb8 {[%emt 0:00:50]} Qxb8 {[%emt 0:00:27]} 26. Nxb8 {[%emt 0:00:05]} Rxb8 {[%emt 0:00:03]} 27. Rb1 {[%emt 0:00:07]} Rd8 {[%emt 0:01:01]} 28. c5 {[%emt 0:00:59]} Rd2 {[%emt 0:00:34]} 29. Nd4 {[%emt 0:00:22]} Na4 {[%emt 0:00:38]} 30. c6 {[%emt 0:00:07]} Nc3 {[%emt 0:00:30]} 31. Ra1 {[%emt 0:01:13]} Nd5 {[%emt 0:00:27]} 32. h3 {[%emt 0:01:09]} Kf6 {[%emt 0:00:24]} 33. a4 {[%emt 0:02:44]} Ke7 {[%emt 0:00:22]} 34. Rb1 {[%emt 0:00:25]} Kd6 {[%emt 0:00:37]} 35. Rb8 {[%emt 0:00:53]} Rd1+ {[%emt 0:00:26]} 36. Kh2 {[%emt 0:00:06]} Ra1 {[%emt 0:00:46]} 37. Rd8+ {[%emt 0:00:49]} Ke5 {[%emt 0:00:35]} 38. Nf3+ {[%emt 0:00:33]} 1-0

[Event "47th GRE-chT 2019"]
[Site "Patra"]
[Date "2019.07.03"]
[Round "2.14"]
[White "Liodakis, Konstantinos-Spyros"]
[Black "Kalogeris, Ioannis"]
[Result "1/2-1/2"]
[WhiteElo "2212"]
[BlackElo "2376"]
[Annotator "NA"]
[PlyCount "98"]
[EventDate "2019.07.02"]
[EventCountry "GRE"]
[SourceTitle "playchess.com"]
[Source "ChessBase"]
[SourceQuality "1"]
[TimeControl "5400+30"]

1. e4 {[%emt 0:05:54]} c5 {[%emt 0:00:00]} 2. Nf3 {[%emt 0:00:24]} Nc6 {[%emt 0:00:57]} 3. d4 {[%emt 0:00:08]} cxd4 {[%emt 0:00:01]} 4. Nxd4 {[%emt 0:01:19]} g6 {[%emt 0:00:52]} 5. Nc3 {[%emt 0:01:34]} Bg7 {[%emt 0:00:13]} 6. Be3 {[%emt 0:02:19]} Nf6 {[%emt 0:06:23]} 7. Nxc6 {[%emt 0:11:39]} bxc6 {[%emt 0:07:49]} 8. e5 {[%emt 0:00:57]} Ng8 {[%emt 0:00:29]} 9. f4 {[%emt 0:13:19]} d5 {[%emt 0:06:24]} 10. Qd2 {[%emt 0:03:34]} f6 {[%emt 0:06:05]} 11. Bd4 {[%emt 0:01:54]} Nh6 {[%emt 0:03:10]} 12. exf6 {[%emt 0:02:11]} exf6 {[%emt 0:04:38]} 13. Bc5 {[%emt 0:05:21]} Kf7 {[%emt 0:00:14]} 14. O-O-O {[%emt 0:06:22]} Qa5 $11 {[%emt 0:08:39]} 15. Ne4 {[%emt 0:08:22]} Qxd2+ {[%emt 0:01:55]} 16. Nxd2 {[%emt 0:00:39]} Re8 {[%emt 0:01:10]} 17. Bd3 {[%emt 0:17:26]} Bf5 {[%emt 0:01:59]} 18. Bxf5 {[%emt 0:00:04]} Nxf5 {[%emt 0:00:06]} 19. Rhe1 {[%emt 0:00:56]} Bf8 {[%emt 0:08:26]} 20. Bxf8 {[%emt 0:00:10]} Kxf8 {[%emt 0:00:07]} 21. Nf3 {[%emt 0:00:47]} Ne3 {[%emt 0:00:18]} 22. Rd2 {[%emt 0:02:23]} Re4 {[%emt 0:04:29]} 23. Nd4 {[%emt 0:02:01]} Rc8 {[%emt 0:01:41]} 24. c3 {[%emt 0:03:18]} Nc4 {[%emt 0:02:02]} 25. Rxe4 {[%emt 0:00:08]} dxe4 {[%emt 0:05:01]} 26. Ne6+ {[%emt 0:04:14]} Ke7 {[%emt 0:00:08]} 27. Rd4 {[%emt 0:01:35]} Kxe6 {[%emt 0:01:35]} 28. Rxe4+ {[%emt 0:00:12]} Kd5 {[%emt 0:00:04]} 29. Rd4+ {[%emt 0:00:05]} Kc5 {[%emt 0:00:03]} 30. b4+ {[%emt 0:00:07]} Kb5 {[%emt 0:00:04]} 31. a4+ {[%emt 0:00:04]} Kxa4 {[%emt 0:00:01]} 32. Rxc4 {[%emt 0:04:19]} c5 {[%emt 0:04:26]} 33. Kc2 {[%emt 0:00:12]} Kb5 {[%emt 0:00:06]} 34. Re4 {[%emt 0:01:07]} Rc7 {[%emt 0:05:32]} 35. Kd3 {[%emt 0:00:38]} Rd7+ {[%emt 0:06:03]} 36. Kc2 {[%emt 0:00:00]} cxb4 {[%emt 0:00:07]} 37. Rxb4+ {[%emt 0:00:06]} Kc5 {[%emt 0:00:23]} 38. Ra4 {[%emt 0:01:25]} Re7 {[%emt 0:00:09]} 39. Kd2 {[%emt 0:00:17]} Rd7+ {[%emt 0:00:00]} 40. Kc2 {[%emt 0:00:00]} Re7 {[%emt 0:00:00]} 41. Kd2 {[%emt 0:00:00]} Kb5 {[%emt 0:00:00]} 42. Rb4+ {[%emt 0:00:00]} Kc6 {[%emt 0:00:00]} 43. Ra4 {[%emt 0:00:00]} Rd7+ {[%emt 0:00:00]} 44. Kc2 {[%emt 0:00:00]} f5 {[%emt 0:00:00]} 45. g3 {[%emt 0:00:00]} Kb6 {[%emt 0:00:00]} 46. Rb4+ {[%emt 0:00:00]} Kc5 {[%emt 0:00:00]} 47. Ra4 {[%emt 0:00:00]} Kb6 {[%emt 0:00:00]} 48. Rb4+ {[%emt 0:00:00]} Kc5 {[%emt 0:00:00]} 49. Ra4 {[%emt 0:00:00]} Kd5 {[%emt 0:22:04]} 1/2-1/2

[Event "47th GRE-chT 2019"]
[Site "Patra"]
[Date "2019.07.03"]
[Round "2.15"]
[White "Zawadzka, Jolanta"]
[Black "Antova, Gabriela"]
[Result "0-1"]
[WhiteElo "2422"]
[BlackElo "2257"]
[Annotator "TA"]
[PlyCount "107"]
[EventDate "2019.07.02"]
[EventCountry "GRE"]
[SourceTitle "playchess.com"]
[Source "ChessBase"]
[SourceQuality "1"]

{[%evp 16,107,33,33,47,29,30,35,40,29,83,91,91,20,88,89,87,108,90,75,89,13,62,18,105,102,99,59,77,31,196,40,32,44,36,49,63,28,29,30,30,15,58,30,31,26,39,25,28,34,37,26,79,80,86,40,114,82,91,87,116,81,70,54,148,145,135,126,120,105,182,48,43,40,66,0,0,0,0,0,-6,-6,0,-161,-152,-291,-284,-518,-341,-403,-430,-444,-454,-593]} 1. e4 c5 2. Nf3 d6 3. d4 cxd4 4. Nxd4 Nf6 5. Nc3 a6 6. Be3 e6 7. Be2 Be7 8. f4 Qc7 9. g4 d5 {B84: Sicilian Scheveningen: 6 Be2 a6, lines without early Be3} (9... b5 10. g5 Nfd7 11. a3 Bb7 12. Qd2 Nc6 13. h4 Nxd4 14. Bxd4 e5 15. Be3 exf4 16. Bxf4 Ne5 17. O-O-O {1-0 (33) Hovhannisyan,R (2637)-Wang,H (2730) St Petersburg 2018}) 10. e5 Ne4 11. Nxe4 dxe4 {White is slightly better.} 12. c3 b6 $146 (12... O-O $11) ({Predecessor:} 12... Bh4+ 13. Kd2 h6 14. Qc2 b6 15. Qxe4 Bb7 16. Qc2 Bxh1 17. Rxh1 {1-0 (50) Ozols,A-Hassell,G (2053) ICCF email 2015}) 13. Qa4+ $16 Nd7 {[%cal Bb8d7,Bd7c5,Bc5d3][%mdl 32]} 14. O-O-O (14. Nb5 $16 Qb8 15. Nd6+ $1 {[%mdl 512]} Bxd6 16. exd6) 14... O-O (14... Bb7 $1 $11) 15. Qc6 Ra7 16. Rhf1 Nc5 {next ...Qb8 is good for Black.} 17. b4 $36 {[%mdl 2048] White is really pushing.} Nd3+ 18. Bxd3 (18. Kb1 $16 Qb7 19. Bxd3 exd3 20. Rxd3) 18... exd3 $11 19. Kb2 Rd8 (19... a5 $11) 20. Qxc7 $16 Rxc7 21. Rxd3 Bb7 22. Rfd1 {Nf5 is the strong threat.} Rdc8 $2 ({Black should play} 22... Be4 $14) 23. Bf2 $2 (23. Nb3 $1 $18) 23... Be4 24. Re3 Bd5 25. a3 g6 26. Nb3 Rc4 27. Rd4 f6 28. Red3 R4c6 29. Nd2 fxe5 30. fxe5 Rf8 31. Bg3 b5 32. Ne4 h6 33. Nd6 Bg5 {[#]} (33... Rb6 $11 {remains equal.}) 34. a4 $1 {[%mdl 512]} bxa4 35. c4 Bf3 (35... Rf1 $1 $14) 36. h4 Be7 37. Ka3 Be2 38. Rc3 Rf1 39. Kxa4 Rb6 (39... Ra1+ $14 40. Kb3 Rb1+ 41. Ka3 a5) 40. c5 Rc6 41. Kb3 Bf3 42. Ne4 Rd1 {[#]} (42... Bh1 $16) 43. Nd2 ({Worse is} 43. Rxf3 Rxd4 44. Rf4 Rd1 $11) ({Better is} 43. Rd6 $1 $18 Bxd6 44. Nf6+ (44. Rxf3 Be7 $11) 44... Kf7 45. exd6) 43... Bd5+ $1 $14 44. Kc2 Rg1 45. Nb3 ({White should try} 45. Ne4 $1 $14) 45... Rg2+ $11 46. Rd2 {Strongly threatening Rxg2.} Rg1 $1 47. Kb2 Rc8 48. Ka3 Rb8 49. Rd4 $2 {[#]} (49. Ka4 $1 $11) 49... a5 $1 $19 {[%cal Ba6a5,Ba5a4][%mdl 1568] Black has strong compensation.} 50. Bf2 {[#]} (50. g5 $17 {keeps fighting.}) (50. Nxa5 Ra1+) 50... Rb1 $1 51. Rf4 $2 (51. Rh3 Bxb3 52. Rxb3 Rxb3+ 53. Kxb3 Bxc5 {[%mdl 64] Double Attack} 54. Rf4 Bxf2 {[%mdl 64] Overworked Piece} 55. Rxf2 Rxb4+ {[%mdl 64] Double Attack} 56. Kc3) 51... a4 52. Nc1 g5 53. Rd4 gxh4 54. Nd3 {Accuracy: White = 38%, Black = 54%.} 0-1

[Event "47th GRE-chT 2019"]
[Site "Patra"]
[Date "2019.07.03"]
[Round "2.15"]
[White "Michna, Marta"]
[Black "Daulyte-Cornette, Deimante"]
[Result "0-1"]
[WhiteElo "2358"]
[BlackElo "2444"]
[Annotator "NA"]
[PlyCount "58"]
[EventDate "2019.07.02"]
[EventCountry "GRE"]
[SourceTitle "playchess.com"]
[Source "ChessBase"]
[SourceQuality "1"]
[TimeControl "5400+30"]

1. d4 {[%emt 0:00:00]} Nf6 {[%emt 0:00:00]} 2. c3 {[%emt 0:00:00]} g6 {[%emt 0:00:17]} 3. Nf3 {[%emt 0:00:00]} Bg7 {[%emt 0:00:13]} 4. h3 {[%emt 0:00:00]} d6 {[%emt 0:01:36]} 5. Bf4 {[%emt 0:00:00]} O-O {[%emt 0:00:31]} 6. Nbd2 {[%emt 0:00:04]} Nbd7 {[%emt 0:00:43]} 7. e4 {[%emt 0:00:26]} e5 {[%emt 0:00:38] A48: 1 d4 Nf6 2 Nf3 g6: Torre, London and Colle Systems} 8. dxe5 {[%emt 0:00:07]} dxe5 {[%emt 0:00:06]} 9. Be3 {[%emt 0:00:41]} b6 {[%emt 0:00:37]} (9... Qe7 10. Bc4 b6 11. O-O Bb7 12. Re1 Nc5 13. Bxc5 Qxc5 14. b4 Qe7 15. a4 {½-½ (69) Kamsky,G (2741)-Guseinov,G (2631) Khanty-Mansiysk 2013}) 10. Qc2 {[%emt 0:02:12]} Bb7 {[%emt 0:00:33]} 11. Rd1 $146 {[%emt 0:04:45]} ({Predecessor:} 11. Bd3 Qe7 12. b4 Nh5 13. O-O Nf4 14. Bc4 g5 15. Rfe1 h5 16. h4 g4 17. Ng5 Ng6 18. Nf1 Nxh4 19. Ng3 Nf6 20. Qe2 Bc8 21. Rad1 Bd7 {½-½ (21) Michna,M (2376)-Muzychuk,A (2576) Germany 2018}) 11... Qe7 {[%emt 0:01:13]} 12. b4 {[%emt 0:01:17]} h6 {[%emt 0:19:22]} 13. Bc4 {[%emt 0:01:42]} Ne8 {[%emt 0:01:24]} 14. Bd3 {[%emt 0:31:06]} Nd6 {[%emt 0:03:08]} 15. Nc4 {[%emt 0:07:02]} f5 {[%emt 0:12:54]} 16. exf5 {[%emt 0:09:37]} e4 {[%emt 0:06:42]} 17. Nxd6 {[%emt 0:00:04]} cxd6 {[%emt 0:00:14]} 18. Bc4+ {[%emt 0:00:08]} Kh8 {[%emt 0:01:10]} 19. f6 $17 {[%emt 0:06:59]} Rxf6 {[%emt 0:08:28]} 20. Nd4 {[%emt 0:01:04]} Ne5 {[%emt 0:00:47]} 21. Be2 {[%emt 0:06:06]} Raf8 {[%emt 0:09:05]} 22. O-O {[%emt 0:01:07]} d5 {[%emt 0:13:37]} 23. Rfe1 {[%emt 0:12:14]} Qf7 {[%emt 0:01:42]} 24. Bf1 {[%emt 0:00:28]} g5 {[%emt 0:01:07]} 25. Qa4 {[%emt 0:10:03]} g4 {[%emt 0:03:31]} 26. h4 {[%emt 0:02:26]} Rxf2 {[%emt 0:01:41]} 27. Qxa7 {[%emt 0:00:06]} g3 {[%emt 0:04:10]} 28. Ne2 {[%emt 0:02:02]} Qe7 {[%emt 0:05:09]} 29. Nxg3 {[%emt 0:01:11]} Qxh4 {[%emt 0:00:07]} 0-1

[Event "47th GRE-chT 2019"]
[Site "Patra"]
[Date "2019.07.03"]
[Round "2.16"]
[White "Vozinaki, Anthi - Maria"]
[Black "Pasoglou, Ekaterini"]
[Result "1-0"]
[WhiteElo "2054"]
[BlackElo "1804"]
[Annotator "NA"]
[PlyCount "145"]
[EventDate "2019.07.02"]
[EventCountry "GRE"]
[SourceTitle "playchess.com"]
[Source "ChessBase"]
[SourceQuality "1"]
[TimeControl "5400+30"]

1. e4 {[%emt 0:00:00]} c5 {[%emt 0:00:00]} 2. Nf3 {[%emt 0:00:00]} Nc6 {[%emt 0:00:00]} 3. d4 {[%emt 0:00:00]} cxd4 {[%emt 0:00:00]} 4. Nxd4 {[%emt 0:00:00]} g6 {[%emt 0:00:00]} 5. c4 {[%emt 0:00:22]} Nf6 {[%emt 0:00:05]} 6. Nc3 {[%emt 0:00:13]} d6 {[%emt 0:05:45]} 7. Be2 {[%emt 0:00:50]} Nxd4 {[%emt 0:00:08]} 8. Qxd4 {[%emt 0:00:06]} Bg7 {[%emt 0:06:55]} 9. Be3 {[%emt 0:00:43]} O-O {[%emt 0:03:40]} 10. Qd2 {[%emt 0:01:16]} Be6 {[%emt 0:03:53]} 11. Rc1 {[%emt 0:01:26]} Qa5 {[%emt 0:05:22]} 12. O-O {[%emt 0:00:50]} Rfc8 {[%emt 0:03:43]} 13. b3 {[%emt 0:01:01]} a6 {[%emt 0:08:17]} 14. f4 {[%emt 0:08:48]} Bg4 {[%emt 0:11:57]} 15. Bd3 {[%emt 0:01:05]} Bd7 {[%emt 0:02:57]} 16. h3 {[%emt 0:04:20]} Bc6 {[%emt 0:07:48]} 17. Qf2 {[%emt 0:09:47]} Nd7 $14 {[%emt 0:03:53]} 18. Nd5 {[%emt 0:01:00]} Bxd5 {[%emt 0:04:24]} 19. exd5 {[%emt 0:07:11]} b5 {[%emt 0:08:17]} 20. Bd4 {[%emt 0:08:32]} Bxd4 {[%emt 0:00:06]} 21. Qxd4 {[%emt 0:01:09]} bxc4 {[%emt 0:05:46]} 22. bxc4 {[%emt 0:19:23]} Qb6 {[%emt 0:02:59]} 23. Qxb6 {[%emt 0:00:07]} Nxb6 {[%emt 0:02:32]} 24. Rc2 {[%emt 0:03:30]} Rc7 {[%emt 0:02:00]} 25. Rb1 {[%emt 0:08:02]} Na4 {[%emt 0:02:04]} 26. Kf2 {[%emt 0:04:16]} Nc5 {[%emt 0:02:17]} 27. Ke3 {[%emt 0:07:13]} Kf8 {[%emt 0:02:34]} 28. Be2 {[%emt 0:02:27]} Ke8 {[%emt 0:01:40]} 29. Kd4 {[%emt 0:01:37]} Kd8 {[%emt 0:01:57]} 30. Rcb2 {[%emt 0:08:46]} Raa7 {[%emt 0:02:22]} 31. Rb8+ {[%emt 0:00:05]} Rc8 {[%emt 0:01:15]} 32. R8b6 {[%emt 0:00:52]} Rac7 {[%emt 0:00:45]} 33. Bg4 {[%emt 0:00:36]} Nd7 {[%emt 0:00:33]} 34. R6b4 {[%emt 0:00:49]} f5 {[%emt 0:00:34]} 35. Bd1 {[%emt 0:00:32]} a5 {[%emt 0:00:11]} 36. Ra4 {[%emt 0:00:07]} Rc5 {[%emt 0:00:47]} 37. Rb5 {[%emt 0:00:07]} Ra8 {[%emt 0:00:32]} 38. Ra3 {[%emt 0:00:51]} Kc7 {[%emt 0:00:29]} 39. Ba4 {[%emt 0:00:56]} Rb8 {[%emt 0:00:00]} 40. Re3 {[%emt 0:00:00]} Kd8 {[%emt 0:00:00]} 41. Rxb8+ {[%emt 0:00:00]} Nxb8 {[%emt 0:00:00]} 42. Bb5 {[%emt 0:00:00]} Rc7 {[%emt 0:00:00]} 43. Ra3 {[%emt 0:00:00]} Ra7 {[%emt 0:00:00]} 44. g4 {[%emt 0:00:00]} fxg4 {[%emt 0:00:00]} 45. hxg4 {[%emt 0:00:00]} Nd7 {[%emt 0:00:00]} 46. Bxd7 {[%emt 0:00:00]} Kxd7 {[%emt 0:00:00]} 47. Rh3 {[%emt 0:00:00]} h5 {[%emt 0:00:00]} 48. gxh5 {[%emt 0:00:00]} gxh5 {[%emt 0:00:00]} 49. Rxh5 {[%emt 0:00:00]} Rb7 {[%emt 0:00:00]} 50. Rh3 {[%emt 0:00:00]} Rb1 {[%emt 0:00:00]} 51. Ra3 {[%emt 0:00:00]} Rf1 {[%emt 0:00:00]} 52. Ke3 {[%emt 0:00:00]} Rc1 {[%emt 0:00:00]} 53. Kd3 {[%emt 0:00:04]} Rf1 {[%emt 0:01:23]} 54. Rxa5 {[%emt 0:00:05]} Rxf4 {[%emt 0:00:08]} 55. Ra7+ {[%emt 0:00:24]} Kd8 {[%emt 0:04:05]} 56. a4 {[%emt 0:00:13]} Rf3+ {[%emt 0:00:48]} 57. Kc2 {[%emt 0:01:30]} Re3 {[%emt 0:02:11]} 58. Rb7 {[%emt 0:02:12]} e6 {[%emt 0:01:05]} 59. dxe6 {[%emt 0:00:06]} Rxe6 {[%emt 0:00:15]} 60. Kc3 {[%emt 0:01:05]} Re1 {[%emt 0:00:50]} 61. Rh7 {[%emt 0:00:53]} Rb1 {[%emt 0:00:37]} 62. a5 {[%emt 0:00:15]} Kc8 {[%emt 0:00:37]} 63. Kd4 {[%emt 0:00:26]} Rd1+ {[%emt 0:00:13]} 64. Kc3 {[%emt 0:00:04]} Rb1 {[%emt 0:00:42]} 65. a6 {[%emt 0:01:22]} Kb8 {[%emt 0:00:27]} 66. Rd7 {[%emt 0:01:15]} Ra1 {[%emt 0:00:20]} 67. Rxd6 {[%emt 0:00:16]} Ka7 {[%emt 0:00:24]} 68. Kd4 {[%emt 0:00:16]} Rxa6 {[%emt 0:00:33]} 69. Rxa6+ {[%emt 0:00:02]} Kxa6 {[%emt 0:00:05]} 70. Kd5 {[%emt 0:00:50]} Kb7 {[%emt 0:00:04]} 71. Kd6 {[%emt 0:00:28]} Kc8 {[%emt 0:00:08]} 72. Kc6 {[%emt 0:00:28]} Kd8 {[%emt 0:00:05]} 73. Kb7 {[%emt 0:00:34]} 1-0

[Event "47th GRE-chT 2019"]
[Site "Patra"]
[Date "2019.07.03"]
[Round "2.16"]
[White "Kalyva, Kyriaki"]
[Black "Kanellopoulou, Ioustini"]
[Result "1-0"]
[WhiteElo "1869"]
[BlackElo "1148"]
[Annotator "NA"]
[PlyCount "53"]
[EventDate "2019.07.02"]
[EventCountry "GRE"]
[SourceTitle "playchess.com"]
[Source "ChessBase"]
[SourceQuality "1"]
[TimeControl "5400+30"]

1. d4 Nf6 2. c4 e6 3. Nc3 Bb4 4. e3 d5 5. Nge2 c5 6. cxd5 cxd4 7. Qa4+ Qd7 8. Qxb4 dxc3 9. dxe6 Qxe6 10. Nd4 Qe7 11. Bb5+ Bd7 12. Bxd7+ Qxd7 13. bxc3 Nd5 14. Qa3 Nc6 15. e4 Nb6 16. Nf5 O-O-O 17. O-O g6 18. Nd4 Qd6 19. Qb3 Nxd4 20. cxd4 f6 21. g3 Qxd4 22. Bf4 Rd7 23. Rac1+ Kd8 24. Rfd1 Qxe4 25. Bc7+ Kc8 26. Be5+ Kd8 27. Bxf6+ 1-0

[Event "47th GRE-chT 2019"]
[Site "Patra"]
[Date "2019.07.03"]
[Round "2.17"]
[White "Dereka, Konstantina"]
[Black "Kyriakidou, Chrysa"]
[Result "0-1"]
[WhiteElo "1469"]
[BlackElo "1338"]
[Annotator "NA"]
[PlyCount "96"]
[EventDate "2019.07.02"]
[EventCountry "GRE"]
[SourceTitle "playchess.com"]
[Source "ChessBase"]
[SourceQuality "1"]
[TimeControl "5400+30"]

1. d4 {[%emt 0:00:11]} d5 {[%emt 0:00:00]} 2. c4 {[%emt 0:00:06]} c6 {[%emt 0:00:00]} 3. Nc3 {[%emt 0:00:06]} Nf6 {[%emt 0:00:00]} 4. Nf3 {[%emt 0:00:05]} a6 {[%emt 0:00:00]} 5. Bg5 {[%emt 0:00:28]} dxc4 {[%emt 0:02:58]} 6. e3 {[%emt 0:01:37]} Bg4 {[%emt 0:09:02]} 7. Bxc4 {[%emt 0:01:10]} e6 {[%emt 0:00:20]} 8. O-O {[%emt 0:02:54]} Be7 {[%emt 0:00:08]} 9. h3 {[%emt 0:01:11]} Bh5 {[%emt 0:01:45]} 10. Qe2 {[%emt 0:02:46]} O-O {[%emt 0:00:34]} 11. Rad1 {[%emt 0:01:07]} Nbd7 {[%emt 0:04:41]} 12. e4 {[%emt 0:03:50]} Nb6 {[%emt 0:14:22]} 13. Bd3 {[%emt 0:04:37]} Re8 {[%emt 0:11:47]} 14. Rfe1 {[%emt 0:07:30]} Rc8 {[%emt 0:03:26]} 15. a3 {[%emt 0:05:35]} Nfd7 {[%emt 0:04:14]} 16. Bxe7 {[%emt 0:03:24]} Qxe7 {[%emt 0:00:11]} 17. Qe3 {[%emt 0:02:18]} Bg6 {[%emt 0:03:34]} 18. Ne5 {[%emt 0:17:44]} c5 {[%emt 0:08:44]} 19. Nxd7 {[%emt 0:09:28]} Nxd7 {[%emt 0:01:35]} 20. d5 {[%emt 0:00:12]} e5 {[%emt 0:03:17]} 21. Bc4 {[%emt 0:11:54]} Qd6 {[%emt 0:00:26]} 22. Ne2 {[%emt 0:06:24]} b5 {[%emt 0:01:57]} 23. Bd3 {[%emt 0:02:12]} Nb6 {[%emt 0:01:53]} 24. f4 {[%emt 0:05:18]} f6 {[%emt 0:06:42]} 25. f5 {[%emt 0:02:08]} Bf7 {[%emt 0:01:14]} 26. g4 {[%emt 0:00:17]} Re7 {[%emt 0:03:58]} 27. Kh1 {[%emt 0:02:27]} Nd7 {[%emt 0:03:23]} 28. h4 {[%emt 0:01:17]} c4 {[%emt 0:01:31]} 29. Bb1 {[%emt 0:02:20]} Nc5 {[%emt 0:00:16]} 30. g5 {[%emt 0:01:10]} Bh5 {[%emt 0:00:48]} 31. Rg1 {[%emt 0:00:42]} Bxe2 {[%emt 0:00:22]} 32. Qxe2 {[%emt 0:00:08]} Rf8 {[%emt 0:00:40]} 33. h5 {[%emt 0:01:11]} Kh8 {[%emt 0:04:05]} 34. Rg4 {[%emt 0:01:22]} Nd7 {[%emt 0:03:39]} 35. Rdg1 {[%emt 0:01:01]} Nc5 {[%emt 0:03:28]} 36. Qg2 {[%emt 0:01:00]} fxg5 {[%emt 0:01:41]} 37. Rxg5 {[%emt 0:00:07]} Qh6 {[%emt 0:00:22]} 38. Qf2 {[%emt 0:01:00]} Nd7 {[%emt 0:00:15]} 39. R1g2 {[%emt 0:00:23]} Qb6 {[%emt 0:01:08]} 40. Qh4 {[%emt 0:00:29]} Qf6 {[%emt 0:00:00]} 41. Qh3 {[%emt 0:00:00]} Ref7 {[%emt 0:00:00]} 42. Rg6 {[%emt 0:00:00]} Qe7 {[%emt 0:00:00]} 43. Rxa6 {[%emt 0:00:00]} Rf6 {[%emt 0:00:00]} 44. Rg6 {[%emt 0:00:00]} Rxa6 {[%emt 0:00:00]} 45. Rxa6 {[%emt 0:00:00]} Qg5 {[%emt 0:00:00]} 46. Rg6 {[%emt 0:00:00]} hxg6 {[%emt 0:00:00]} 47. hxg6+ {[%emt 0:00:00]} Qh6 {[%emt 0:00:00]} 48. Qxh6+ {[%emt 0:00:00]} gxh6 {[%emt 0:00:00]} 0-1